National scale-up plan for prevention of mother-to-child transmission of HIV and paediatric HIV care services, 2007 - 2010 (Record no. 32139)
[ view plain ]
| 000 -LEADER | |
|---|---|
| fixed length control field | 00997nam a2200193 a 4500 |
| 008 - FIXED-LENGTH DATA ELEMENTS--GENERAL INFORMATION | |
| fixed length control field | 131010s2007 ||||||||||||||||| || u |
| 050 ## - LIBRARY OF CONGRESS CALL NUMBER | |
| Classification number | GOV.ZAM.H4(02) |
| 110 ## - MAIN ENTRY--CORPORATE NAME | |
| Corporate name or jurisdiction name as entry element | Government of the Republic of Zambia. Ministry of Health |
| 245 10 - TITLE STATEMENT | |
| Title | National scale-up plan for prevention of mother-to-child transmission of HIV and paediatric HIV care services, 2007 - 2010 |
| Statement of responsibility, etc. | by Government of the Republic of Zambia, Ministry of Health [MOH] |
| 260 ## - PUBLICATION, DISTRIBUTION, ETC. | |
| Place of publication, distribution, etc. | Lusaka: |
| Name of publisher, distributor, etc. | Government of the Republic of Zambia, Ministry of Health |
| Date of publication, distribution, etc. | 2007 |
| 300 ## - PHYSICAL DESCRIPTION | |
| Extent | vi, 45p.: ill. |
| 362 1# - | |
| -- | <p>2007 - 2010</p> |
| 500 ## - GENERAL NOTE | |
| General note | Bibliography |
| 650 ## - SUBJECT ADDED ENTRY--TOPICAL TERM | |
| Topical term or geographic name entry element | HIV/AIDS--MOTHER-TO-CHILD TRANSMISSION--PREVENTION OF |
| 650 ## - SUBJECT ADDED ENTRY--TOPICAL TERM | |
| Topical term or geographic name entry element | HIV/AIDS--TREATMENT--ANTIRETROVIRAL THERAPY--ZAMBIA |
| 650 ## - SUBJECT ADDED ENTRY--TOPICAL TERM | |
| Topical term or geographic name entry element | PAEDIATRIC HIV CARE SERVICES |
| 650 ## - SUBJECT ADDED ENTRY--TOPICAL TERM | |
| Topical term or geographic name entry element | HIV/AIDS PREVENTION AND CARE--ZAMBIA |
| 995 ## - | |
| -- | SPECIAL COLLECTIONS |
| -- | 1046 |
| -- | CBU-SCHOOL OF MEDICINE LIBRARY (Ndola) |
| -- | GOV.ZAM.H4(02)2007/1 |
| -- | 1 |
| -- | AVAILABLE |
| -- | Oct 18, 2013 |
| -- | B1046 |
| -- | Zambiana Collection |
| 999 ## - | |
| -- | 32139 |
| -- | 32139 |
| Withdrawn status | Lost status | Source of classification or shelving scheme | Damaged status | Not for loan | Permanent Location | Current Location | Shelving location | Date acquired | Total Checkouts | Full call number | Barcode | Date last seen | Price effective from | Koha item type |
|---|---|---|---|---|---|---|---|---|---|---|---|---|---|---|
| CBU-SCHOOL OF MEDICINE LIBRARY, NDOLA. | CBU-SCHOOL OF MEDICINE LIBRARY, NDOLA. | 11/30/2022 | GOV.ZAM.H4(02) | B1046 | 11/30/2022 | 11/30/2022 | MONOGRAPH |